000 00774cad a22002175a 4500
001 L156727
008 120702s2012 xxkad f s 000 0 eng d
035 _a(Sirsi) u156727
041 0 _aeng
110 2 _aGVA Grimley
_93646
245 0 0 _aBuilding cost update
_bQ2 2012
_h[electronic resource]
260 _aLondon
_bGVA Grimley
_c2012
490 0 _aBuilding bulletin
520 _aMarket overview, tender prices and building costs, and analysis of construction output in all sections in the UK.
590 _aKA NTK
651 4 _aUnited Kingdom
_y
690 _aCost management
_96233
690 _aConstruction management
_96230
856 4 0 _uhttps://www.gva.co.uk/research/consultancy/
_zView the latest bulletin free of charge at www.gvagrimley.co.uk
942 _n0
999 _c114391
_d114391